[Event "Newport Open"]
[Site "Newport"]
[Date "2025.08.17"]
[Round "5"]
[Board "1"]
[White "Majeed, Haroon"]
[Black "Saunders, Aron"]
[Result "1/2-1/2"]
[WhiteElo "2059"]
[BlackElo "2166"]
[WhiteFideId "-1"]
[WhiteFideId "-1"]
[PlyCount "127"]
[EventDate "2025.08.15"]
[EventType "swiss"]
[EventRounds "5"]
[EventCountry "WLS"]

1. e4 c6 2. d4 d5 3. e5 Bf5 4. h4 h5 5. Bd3 Bxd3 6. Qxd3 Qa5+ 7. Nd2 e6 8. Ngf3 Nh6 9. O-O Nf5 10. Nb3 Qb5 11. Qd1 c5 12. a4 Qb6 13. dxc5 Bxc5 14. Nxc5 Qxc5 15. c3 Nc6 16. Re1 Rc8 17. Bg5 Qb6 18. Rb1 Na5 19. Be3 Nxe3 20. Rxe3 Qb3 21. Qe1 b6 22. Nd4 Qxa4 23. Ra1 Qd7 24. Rg3 g6 25. Qe2 Qe7 26. Nb5 Kf8 27. Nd6 Rc6 28. Rf3 Rxd6 29. exd6 Qxd6 30. b4 Nc6 31. Re1 Kg7 32. Rg3 Rc8 33. Rg5 f6 34. Rg3 Kf7 35. Qa6 Rc7 36. Qd3 Ne7 37. Rge3 e5 38. Qd2 Rc4 39. g3 Qc6 40. Ra1 Qc7 41. Rd3 Ke6 42. Ra3 e4 43. Rd4 Rxd4 44. cxd4 Nf5 45. Rc3 Qd6 46. b5 e3 47. Qc1 Kd7 48. Qa1 Qb8 49. Qa2 exf2+ 50. Kxf2 Ke6 51. Qe2+ Kd7 52. Qa2 Ke6 53. Kg2 Qb7 54. Rc6+ Nd6 55. Qc2 Qf7 56. Qc1 Qg8 57. Qa3 Qb8 58. Qe3+ Kd7 59. Qh6 Qg8 60. Qf4 Qe6 61. Kh2 Qe2+ 62. Kh3 Qe6+ 63. Kh2 Qe2+ 64. Kh3 1/2-1/2

[Event "Newport Open"]
[Site "Newport"]
[Date "2025.08.17"]
[Round "5"]
[Board "2"]
[White "Ndhlovu, Lahende"]
[Black "Norris, Zack"]
[Result "0-1"]
[WhiteElo "2200"]
[BlackElo "2035"]
[WhiteFideId "-1"]
[WhiteFideId "-1"]
[PlyCount "108"]
[GameId "2214669483810889"]
[EventDate "2025.08.15"]
[EventType "swiss"]
[EventRounds "5"]
[EventCountry "WLS"]

{[%evp 0,98,19,14,25,25,19,20,23,23,31,25,29,35,24,12,4,10,11,11,12,20,18,14,21,-1,-2,17,30,8,4,7,11,21,1,21,12,14,47,22,21,-11,-16,-10,15,11,66,67,64,-123,-124,-143,-191,-143,-170,-168,-130,-130,-121,-121,-208,-124,-226,-195,-269,-214,-164,-133,-130,-139,-138,-149,-88,-181,-109,-124,-86,-51,-134,-171,-161,-179,-209,-218,-188,-300,-324,-312,-332,-318,-283,-316,-327,-359,-242,-224,-297,-264,-369,-457,-454]} 1. e4 c5 2. Nf3 Nc6 3. d4 cxd4 4. Nxd4 g6 5. Nc3 Bg7 6. Be3 Nf6 7. Bc4 O-O 8. Bb3 d6 9. f3 Bd7 10. Qd2 Nxd4 11. Bxd4 b5 12. O-O a5 13. a4 b4 14. Ne2 Bc6 15. Rfd1 Nd7 16. Bxg7 Kxg7 17. Nd4 Bb7 18. Qg5 Nc5 19. h4 e6 20. Bc4 Qxg5 21. hxg5 d5 22. exd5 exd5 23. Bb5 Ne6 24. Nc6 Rfc8 25. Nd4 Nxd4 26. Rxd4 Rxc2 27. Re1 Rac8 28. Re7 R8c7 29. Rxc7 Rxc7 30. Bd3 Rc5 31. Kf2 Bc6 32. b3 Kf8 33. Ke2 Bd7 34. Kd2 Be6 35. Bc2 Kg7 36. Bd1 Bf5 37. g4 Bb1 38. Ke3 f6 39. Rd2 fxg5 40. Kd4 Rc3 41. Kxd5 Kf6 42. Be2 Bc2 43. Bc4 h5 44. Re2 Bxb3 45. Bxb3 Rxb3 46. Kc4 Rc3+ 47. Kb5 b3 48. Kxa5 Rc2 49. Re1 b2 50. Rb1 h4 51. Kb4 h3 52. Kb3 Rc8 53. Ka2 h2 54. Rh1 Rc1 0-1

[Event "Newport Open"]
[Site "Newport"]
[Date "2025.08.17"]
[Round "5"]
[Board "3"]
[White "Varley, Peter"]
[Black "Pleasants, Allan J"]
[Result "1/2-1/2"]
[WhiteElo "2117"]
[BlackElo "1960"]
[WhiteFideId "-1"]
[WhiteFideId "-1"]
[PlyCount "97"]
[GameId "2214671100792914"]
[EventDate "2025.08.15"]
[EventType "swiss"]
[EventRounds "5"]
[EventCountry "WLS"]

1. f4 d6 2. Nf3 g6 3. g3 Bg7 4. Bg2 c5 5. O-O Nc6 6. e4 e6 7. c3 Nge7 8. d3 O-O 9. Be3 b6 10. Bf2 Bd7 11. Nbd2 Qc7 12. Qe2 Rfe8 13. g4 d5 14. e5 a5 15. Bg3 Ra7 16. h4 Qc8 17. Bh3 f6 18. h5 gxh5 19. Qh2 hxg4 20. Bxg4 f5 21. Bh5 Rf8 22. Kf2 Be8 23. Rh1 h6 24. Rag1 Bxh5 25. Qxh5 Qe8 26. Qxe8 Rxe8 27. Bh4 Kf8 28. Nf1 Ng8 29. Ng3 Bh8 30. Nh5 b5 31. Rg2 b4 32. Rhg1 Kf7 33. d4 bxc3 34. bxc3 Rb8 35. Ke3 c4 36. Bf6 Nxf6 37. exf6 Bxf6 38. Nxf6 Kxf6 39. Rg6+ Ke7 40. Rxh6 Kd6 41. Ne5 Re7 42. Rgg6 Nxe5 43. dxe5+ Kd7 44. Rh2 Rb1 45. Kd4 Kc6 46. Ke3 Re1+ 47. Kd2 Rf1 48. Ke3 Rc1 49. Kd2 1/2-1/2

[Event "Newport Open"]
[Site "Newport"]
[Date "2025.08.17"]
[Round "5"]
[Board "4"]
[White "Garcia Hernandez, Oscar"]
[Black "Eggington, David C"]
[Result "1-0"]
[WhiteElo "2083"]
[BlackElo "1960"]
[WhiteFideId "-1"]
[WhiteFideId "-1"]
[PlyCount "41"]
[GameId "2214672345854043"]
[EventDate "2025.08.15"]
[EventType "swiss"]
[EventRounds "5"]
[EventCountry "WLS"]

1. e4 c6 2. Nc3 d5 3. Nf3 Bg4 4. h3 Bxf3 5. Qxf3 Nf6 6. d3 e6 7. Bd2 Be7 8. O-O-O b5 9. e5 Nfd7 10. Qg3 g6 11. d4 Bh4 12. Qe3 h6 13. Bd3 Nb6 14. f4 N8d7 15. g4 Nc4 16. Qf3 Qb6 17. Ne2 O-O-O 18. Kb1 c5 19. Bc1 Nxb2 20. dxc5 Nxc5 21. Bxb2 1-0

[Event "Newport Open"]
[Site "Newport"]
[Date "2025.08.17"]
[Round "5"]
[Board "5"]
[White "Honey, Luke Anthony"]
[Black "Shepherd, Tom"]
[Result "0-1"]
[WhiteElo "2082"]
[BlackElo "1960"]
[WhiteFideId "-1"]
[WhiteFideId "-1"]
[PlyCount "67"]
[GameId "2214673324564616"]
[EventDate "2025.08.15"]
[EventType "swiss"]
[EventRounds "5"]
[EventCountry "WLS"]

{[%evp 0,67,19,14,22,16,33,10,9,-2,3,20,13,7,-62,-12,2,-1,-3,11,2,-9,-35,-17,-12,-69,-58,-69,-58,-49,-59,-98,-25,-50,0,-1,-11,-9,-6,2,0,11,9,6,0,-247,-267,-262,-306,-416,-428,-434,-347,-389,-426,-394,-352,-365,-380,-415,-431,-409,-429,-482,-489,-544,-553,-574,-553,-556]} 1. e4 e5 2. Nf3 Nc6 3. d4 exd4 4. Bc4 Bc5 5. c3 Nf6 6. cxd4 Bb4+ 7. Nbd2 Bxd2+ 8. Bxd2 Nxe4 9. d5 Ne7 10. Bb4 d6 11. Qd4 Nf6 12. O-O-O O-O 13. Bc3 Re8 14. Rde1 Bd7 15. g4 Ng6 16. h3 c5 17. dxc6 Bxc6 18. Rxe8+ Qxe8 19. Re1 Qd7 20. Ng5 d5 21. Bd3 Qc7 22. Nxh7 Kxh7 23. g5 Nh5 24. Qg4 Nhf4 25. Bc2 Re8 26. Rxe8 Bxe8 27. h4 Bd7 28. Qd1 d4 29. Bxd4 Bf5 30. Bc3 Bxc2 31. Qxc2 Qc4 32. Qd2 Ne2+ 33. Kb1 Nxc3+ 34. bxc3 0-1

[Event "Newport Open"]
[Site "Newport"]
[Date "2025.08.17"]
[Round "5"]
[Board "6"]
[White "Jukes, Sam"]
[Black "Szakmany, Bence"]
[Result "1/2-1/2"]
[WhiteElo "1971"]
[BlackElo "2008"]
[WhiteFideId "-1"]
[WhiteFideId "-1"]
[PlyCount "39"]
[GameId "2214674597273798"]
[EventDate "2025.08.15"]
[EventType "swiss"]
[EventRounds "5"]
[EventCountry "WLS"]

1. d4 d5 2. Nf3 Nf6 3. c4 e6 4. Nc3 Be7 5. g3 O-O 6. Bg2 dxc4 7. O-O c5 8. dxc5 Qa5 9. Bg5 Nc6 10. Qa4 Bd7 11. Qxa5 Nxa5 12. Ne5 Bc6 13. Nxc6 Nxc6 14. Bxf6 Bxf6 15. Na4 Na5 16. Rfd1 Rfd8 17. Rac1 Kf8 18. Kf1 Rxd1+ 19. Rxd1 Ke7 20. e3 1/2-1/2

[Event "Newport Open"]
[Site "Newport"]
[Date "2025.08.17"]
[Round "5"]
[Board "7"]
[White "Fathallah, Joe"]
[Black "Davis, Colin"]
[Result "0-1"]
[WhiteElo "1985"]
[BlackElo "1955"]
[WhiteFideId "-1"]
[WhiteFideId "-1"]
[PlyCount "142"]
[GameId "2214675383623910"]
[EventDate "2025.08.15"]
[EventType "swiss"]
[EventRounds "5"]
[EventCountry "WLS"]

1. d4 d6 2. c4 e5 3. Nc3 exd4 4. Qxd4 Nc6 5. Qd2 g6 6. b3 Bg7 7. Bb2 Nf6 8. Nf3 O-O 9. e3 Bf5 10. Be2 Re8 11. O-O Ne5 12. Rfd1 Ne4 13. Nxe4 Bxe4 14. Nxe5 Bxe5 15. Bxe5 Rxe5 16. Rac1 b6 17. Bf1 Qf6 18. Qd4 Rae8 19. b4 Qe6 20. a3 Bc6 21. Qf4 Re4 22. Qf3 Rxc4 23. Bxc4 Bxf3 24. Bxe6 Bxd1 25. Bxf7+ Kxf7 26. Rxd1 Ke6 27. b5 a6 28. a4 Ra8 29. f4 axb5 30. axb5 Ra2 31. Rc1 Kd7 32. Rb1 Rc2 33. h3 Ke6 34. e4 Rc4 35. f5+ gxf5 36. exf5+ Kxf5 37. Rf1+ Kg6 38. Kh2 d5 39. Kg3 Rc5 40. Rb1 Kf5 41. Rb4 Ke5 42. Rh4 d4 43. Kf3 Kd5 44. Ke2 Rxb5 45. Rxh7 c5 46. g4 Rb2+ 47. Kf3 c4 48. Rd7+ Ke5 49. h4 c3 50. Rc7 Rd2 51. h5 c2 52. h6 Rd3+ 53. Kg2 Rc3 54. Rxc3 dxc3 55. h7 c1=Q 56. h8=Q+ Kd5 57. Qd8+ Kc5 58. Qc7+ Kb5 59. Qe5+ Ka6 60. Qe2+ Ka5 61. Qe5+ b5 62. Qc7+ Ka4 63. Qa7+ Kb3 64. Qf7+ Kb2 65. Qf6 b4 66. g5 Qd2+ 67. Kg3 Qd3+ 68. Kg2 Kb1 69. Qb6 Qd2+ 70. Kf3 c2 71. Qg6 Kb2 0-1

[Event "Newport Open"]
[Site "Newport"]
[Date "2025.08.17"]
[Round "5"]
[Board "8"]
[White "Beaumont, Chris R"]
[Black "Davis, Lee"]
[Result "1/2-1/2"]
[WhiteElo "2142"]
[BlackElo "1907"]
[WhiteFideId "-1"]
[WhiteFideId "-1"]
[PlyCount "53"]
[GameId "2214677145641200"]
[EventDate "2025.08.15"]
[EventType "swiss"]
[EventRounds "5"]
[EventCountry "WLS"]

1. Nf3 g6 2. d4 Bg7 3. c4 Nf6 4. Nc3 d5 5. cxd5 Nxd5 6. g3 O-O 7. Bg2 Nxc3 8. bxc3 c5 9. O-O Nc6 10. e3 Rb8 11. a4 b6 12. Ba3 cxd4 13. cxd4 Re8 14. Qc2 Bb7 15. Rac1 Rc8 16. Qa2 Qd7 17. Ng5 Nd8 18. Rxc8 Qxc8 19. Rc1 Qd7 20. Bxb7 Qxb7 21. d5 Be5 22. Qc4 Bb8 23. e4 h6 24. Nf3 Bd6 25. Bb2 e5 26. dxe6 Nxe6 27. Qc3 1/2-1/2

[Event "Newport Open"]
[Site "Newport"]
[Date "2025.08.17"]
[Round "5"]
[Board "9"]
[White "Tapp, James"]
[Black "Kett, Timothy J"]
[Result "0-1"]
[WhiteElo "2004"]
[BlackElo "2077"]
[WhiteFideId "-1"]
[WhiteFideId "-1"]
[PlyCount "82"]
[GameId "2214677935464704"]
[EventDate "2025.08.15"]
[EventType "swiss"]
[EventRounds "5"]
[EventCountry "WLS"]

{[%evp 0,8,19,19,33,36,57,27,-1,31,36]} 1. d4 d6 2. Nf3 Bg4 3. h3 Bxf3 4. exf3 d5 5. c3 c6 6. Bd3 e6 7. Qb3 Qb6 8. Bf4 Nf6 9. Nd2 Nbd7 10. O-O Be7 11. Rfe1 O-O 12. Qxb6 Nxb6 13. Nb3 Rfd8 14. g4 Na4 15. Re2 Bd6 16. Bg5 h6 17. Be3 Rac8 18. Rd1 c5 19. dxc5 Nxc5 20. Nxc5 Bxc5 21. Bc1 a6 22. h4 Ne8 23. h5 b5 24. a4 bxa4 25. Bxa6 Ra8 26. Bd3 a3 27. bxa3 Bxa3 28. Be3 Be7 29. f4 Nf6 30. f3 Rdc8 31. Bd2 Bd6 32. Rc1 Ra4 33. f5 e5 34. Be1 e4 35. fxe4 dxe4 36. Bc2 Ra2 37. Bd1 Rca8 38. c4 Bc5+ 39. Bf2 e3 40. Rxe3 Bxe3 41. Bxe3 Ra1 0-1

[Event "Newport Open"]
[Site "Newport"]
[Date "2025.08.17"]
[Round "5"]
[Board "10"]
[White "Mcilroy, Gerard"]
[Black "Ashworth, Robert"]
[Result "1/2-1/2"]
[WhiteElo "1952"]
[BlackElo "2053"]
[WhiteFideId "-1"]
[WhiteFideId "-1"]
[PlyCount "41"]
[GameId "2214678237704504"]
[EventDate "2025.08.15"]
[EventType "swiss"]
[EventRounds "5"]
[EventCountry "WLS"]

{[%evp 0,41,19,21,7,16,23,9,18,3,3,-2,-2,0,23,27,17,25,36,59,64,59,95,90,87,82,84,84,87,65,84,84,103,98,117,34,38,50,50,60,39,27,90,114]} 1. d4 Nf6 2. c4 e6 3. Nc3 Bb4 4. Bg5 c5 5. d5 h6 6. Bh4 Qa5 7. Bxf6 gxf6 8. Qc2 b5 9. e4 bxc4 10. Bxc4 Ba6 11. Bxa6 Nxa6 12. Nge2 Bxc3+ 13. bxc3 c4 14. O-O Nc5 15. Rab1 Nd3 16. Nc1 Ne5 17. f4 Ng4 18. Qe2 Qc5+ 19. Kh1 h5 20. Qf3 Ke7 21. Ne2 1/2-1/2

[Event "Newport Open"]
[Site "Newport"]
[Date "2025.08.17"]
[Round "5"]
[Board "11"]
[White "Rathbone-Jones, Ifan"]
[Black "Bani Hani, Madged"]
[Result "1-0"]
[WhiteElo "2208"]
[BlackElo "1843"]
[WhiteFideId "-1"]
[WhiteFideId "-1"]
[PlyCount "113"]
[GameId "2214679298249069"]
[EventDate "2025.08.15"]
[EventType "swiss"]
[EventRounds "5"]
[EventCountry "WLS"]

1. d4 d5 2. Nf3 Nf6 3. Bf4 Bf5 4. e3 e6 5. Bd3 Bg6 6. Ne5 Bd6 7. c4 c6 8. Qb3 b6 9. cxd5 Nxd5 10. Bg3 O-O 11. Nd2 Bxe5 12. Bxe5 Nd7 13. Bd6 Re8 14. e4 N7f6 15. e5 Ng4 16. Ba6 Qd7 17. O-O Nh6 18. Rfd1 Nf5 19. Ne4 Nfe7 20. Ng3 h5 21. h4 Nc7 22. Be2 Nb5 23. Bxb5 cxb5 24. Qf3 a5 25. Rac1 Rac8 26. Qe2 Rxc1 27. Rxc1 Rc8 28. Qd2 Rxc1+ 29. Qxc1 Nc8 30. Qf4 Qc6 31. Kh2 Nxd6 32. exd6 Kf8 33. Qe5 Ke8 34. Kg1 Qc1+ 35. Kh2 Qc6 36. f4 Kd7 {(=)} 37. Nxh5 Qxd6 38. Nxg7 Qxe5 39. dxe5 b4 40. h5 Bb1 41. h6 Ke7 42. f5 Kf8 43. fxe6 b5 44. g4 fxe6 45. Nxe6+ Kg8 46. Nc7 Bxa2 47. Nxb5 a4 48. Nd4 Bd5 49. Nc2 a3 {(=)} 50. Nxa3 bxa3 51. bxa3 Bb3 52. Kg3 Kh7 53. g5 Kg6 54. Kf4 Bc2 55. e6 Bb3 56. Ke5 Bc2 57. Kd6 1-0

[Event "Newport Open"]
[Site "Newport"]
[Date "2025.08.17"]
[Round "5"]
[Board "12"]
[White "Turner, Joseph David"]
[Black "Addis, Joseph"]
[Result "1-0"]
[WhiteElo "1809"]
[BlackElo "1925"]
[WhiteFideId "-1"]
[WhiteFideId "-1"]
[PlyCount "37"]
[GameId "2214681260057213"]
[EventDate "2025.08.15"]
[EventType "swiss"]
[EventRounds "5"]
[EventCountry "WLS"]

1. e4 c6 2. Nc3 d5 3. Nf3 dxe4 4. Nxe4 Nf6 5. Qe2 Nxe4 6. Qxe4 Qa5 7. Bc4 Bf5 8. Qf4 e6 9. Nd4 Bg6 10. O-O Be7 11. Bxe6 fxe6 12. Nxe6 Kd7 13. Re1 Na6 14. Re5 Qb4 15. d4 Bd6 16. Qg4 Bxe5 17. Nc5+ Ke8 18. Qe6+ Kf8 19. Nd7# 1-0

[Event "Newport Open"]
[Site "Newport"]
[Date "2025.08.17"]
[Round "5"]
[Board "13"]
[White "Wynarczyk, Raymond"]
[Black "Farani Sani, Hamid"]
[Result "1-0"]
[WhiteElo "1827"]
[BlackElo "1774"]
[WhiteFideId "-1"]
[WhiteFideId "-1"]
[PlyCount "109"]
[GameId "2214682180367067"]
[EventDate "2025.08.15"]
[EventType "swiss"]
[EventRounds "5"]
[EventCountry "WLS"]

1. e4 Nf6 2. e5 Nd5 3. c4 Nb6 4. c5 Nd5 5. Bc4 e6 6. Nc3 Nxc3 7. dxc3 Bxc5 8. Qg4 g6 9. h4 d5 10. Bg5 Be7 11. O-O-O Bd7 12. Bd3 h5 13. Qg3 c5 14. Nh3 Nc6 15. Rhe1 Qa5 16. Bb1 b5 17. Nf4 Rg8 18. Nd3 b4 19. Bxe7 bxc3 20. Nxc5 cxb2+ 21. Kxb2 Rb8+ 22. Ka1 Kxe7 23. Nb3 Qb4 24. Qe3 Rb5 25. Qg5+ Kf8 26. Qd2 Qxh4 27. f4 Kg7 28. Rh1 Qe7 29. g4 h4 30. Rdf1 a5 31. g5 a4 32. Nd4 Nxd4 33. Qxd4 Rb4 34. Qf2 Rh8 35. Rc1 Rc4 36. Rxc4 dxc4 37. Rxh4 Qb4 38. Rxh8 Qc3+ 39. Qb2 Qxb2+ 40. Kxb2 Kxh8 41. Kc3 Kg8 42. Kxc4 Kf8 43. Bc2 Bc6 44. a3 Ke7 45. Kb4 Kd7 46. Bxa4 Kc7 47. Bxc6 Kxc6 48. a4 Kb6 49. a5+ Kc6 50. Kc4 Kb7 51. Kb5 Ka7 52. a6 Ka8 53. Kb6 f5 54. exf6 e5 55. f7 1-0

[Event "Newport Open"]
[Site "Newport"]
[Date "2025.08.17"]
[Round "5"]
[Board "14"]
[White "Kong, Emma Zihan"]
[Black "Young, Alan J"]
[Result "1/2-1/2"]
[WhiteElo "1825"]
[BlackElo "1986"]
[WhiteFideId "-1"]
[WhiteFideId "-1"]
[PlyCount "79"]
[GameId "2214683759756005"]
[EventDate "2025.08.15"]
[EventType "swiss"]
[EventRounds "5"]
[EventCountry "WLS"]

1. d4 d5 2. c4 dxc4 3. e4 e5 4. Nf3 exd4 5. Bxc4 Nc6 6. O-O Be6 7. Bb5 Bc5 8. b4 Bb6 9. a4 a5 10. bxa5 Bxa5 11. Nxd4 Bd7 12. Bxc6 bxc6 13. Qc2 Ne7 14. Ba3 O-O 15. Nd2 Re8 16. N2b3 Ng6 17. Nxa5 Rxa5 18. Nxc6 Bxc6 19. Qxc6 Ne5 20. Qc3 Ra6 21. Bb2 Rd6 22. Rac1 c6 23. h3 h6 24. Rc2 Qh4 25. f4 Rd3 26. Qe1 Ng6 27. Qxh4 Nxh4 28. e5 Red8 29. Rff2 Ra8 30. Rc4 Nf5 31. Rxc6 Rxa4 32. e6 fxe6 33. Rxe6 Rb4 34. Re1 Ng3 35. Kh2 Nf5 36. Be5 h5 37. Rc1 Rb7 38. Rc6 h4 39. Rc1 Rbd7 40. Rff1 1/2-1/2

[Event "Newport Open"]
[Site "Newport"]
[Date "2025.08.17"]
[Round "5"]
[Board "15"]
[White "Jones, Derek C"]
[Black "Dixon, Chris"]
[Result "0-1"]
[WhiteElo "1957"]
[BlackElo "1775"]
[WhiteFideId "-1"]
[WhiteFideId "-1"]
[PlyCount "42"]
[GameId "2214685068804847"]
[EventDate "2025.08.15"]
[EventType "swiss"]
[EventRounds "5"]
[EventCountry "WLS"]

1. c4 e6 2. g3 d5 3. Bg2 Nf6 4. Nf3 Be7 5. Qc2 O-O 6. O-O c6 7. b3 Nbd7 8. Bb2 b6 9. d4 Bb7 10. Nc3 Rc8 11. Rad1 Qc7 12. Qb1 Rfd8 13. Ne5 Nf8 14. f4 c5 15. f5 cxd4 16. Nb5 Qxe5 17. Nxa7 Qb8 18. Nb5 e5 19. cxd5 Bxd5 20. Bh3 Bc6 21. a4 Bc5 0-1

[Event "Newport Open"]
[Site "Newport"]
[Date "2025.08.17"]
[Round "5"]
[Board "16"]
[White "Howells, S Wyn"]
[Black "Quinn, Peter"]
[Result "1/2-1/2"]
[WhiteElo "1750"]
[BlackElo "1719"]
[WhiteFideId "-1"]
[WhiteFideId "-1"]
[PlyCount "35"]
[GameId "2214686076453625"]
[EventDate "2025.08.15"]
[EventType "swiss"]
[EventRounds "5"]
[EventCountry "WLS"]

1. Nf3 Nf6 2. c4 g6 3. g3 Bg7 4. Bg2 d6 5. O-O O-O 6. Nc3 c6 7. d4 Nbd7 8. Qc2 e5 9. dxe5 Nxe5 10. Rd1 Qe7 11. b3 Bf5 12. Qb2 Ne4 13. Bd2 Nxd2 14. Qxd2 Rfd8 15. Rac1 Ng4 16. e3 Ne5 17. Ne2 Nd3 18. Rb1 1/2-1/2